|
|
|
|
| LEADER |
00000nam a2200000 a 4500 |
| 001 |
vtls009285545 |
| 003 |
SK-MaSNL |
| 005 |
20260301183316.0 |
| 008 |
160114s2007 xo f 100 0 eng |
| 015 |
|
|
|a SNBA2008/05-02475
|
| 020 |
|
|
|a 9788096930630 (brož.)
|
| 035 |
|
|
|a 63D4F254-0BA8-4054-A275-700E99005629
|
| 035 |
|
|
|a urn:nbn:sk:snk-amk42z
|
| 035 |
|
|
|a urn:nbn:sk:snk-am0056a6
|
| 040 |
|
|
|a SNK
|b slo
|c SNK
|e AACR2
|
| 041 |
0 |
|
|a eng
|b eng
|
| 044 |
|
|
|a xo
|c SK
|
| 072 |
|
7 |
|a 327
|x Medzinárodné vzťahy, svetová politika
|2 konspekt
|
| 080 |
|
|
|a 327.8
|2 2011
|
| 080 |
|
|
|a 323.28:343.851
|2 2001
|
| 080 |
|
|
|a 327.5
|2 2011
|
| 080 |
|
|
|a (062.534)
|2 2011
|
| 111 |
2 |
|
|a GLOBSEC
|n (2. :
|d 2006 :
|c Bratislava, Slovensko)
|9 121538
|
| 245 |
1 |
0 |
|a Globsec 2006
|b five years after 9/11 : are we winning the fight against international terrorism? : conference report : 14th December 2006 Bratislava
|c [editor: Juraj Cintula]
|
| 246 |
3 |
3 |
|a Five years after 9/11 : are we winning the fight against international terrorism?
|
| 250 |
|
|
|a [1st ed.]
|
| 260 |
|
|
|a Banská Bystrica
|b Euro-Atlantic Center
|c 2007
|
| 300 |
|
|
|a 132 s.
|c 21 cm
|
| 504 |
|
|
|a Pozn.
|
| 546 |
|
|
|a Res. angl.
|
| 650 |
0 |
7 |
|a medzinárodný terorizmus
|2 SNKPH
|9 4294
|
| 650 |
0 |
7 |
|a boj proti terorizmu
|2 SNKPH
|9 4297
|
| 650 |
0 |
7 |
|a medzinárodná bezpečnosť
|2 SNKPH
|9 2672
|
| 650 |
0 |
7 |
|a International terrorism
|2 SNKPHeng
|9 312210
|
| 650 |
0 |
7 |
|a Prevention of terrorism
|2 SNKPHeng
|9 350396
|
| 650 |
0 |
7 |
|a International security
|2 SNKPHeng
|9 311361
|
| 655 |
|
7 |
|a zborníky konferencií
|2 SNKPH
|9 70153
|
| 655 |
|
7 |
|a Proceedings of conferences
|2 SNKPHeng
|9 265791
|
| 700 |
1 |
|
|a Cintula, Juraj
|4 edt
|9 245010
|
| 852 |
|
|
|a Štátna vedecká knižnica v Banskej Bystrici
|
| 919 |
|
|
|a 978-80-969306-3-0
|
| 958 |
|
|
|a OND
|
| 968 |
|
|
|d 32
|
| 999 |
|
|
|c 856552
|d 858482
|
| 952 |
|
|
|a SNK
|b SNK
|y PREZ
|7 0
|p 17A0586349
|o snkSC 131647
|i snk2008/8643
|8 0
|0 0
|1 0
|4 0
|d 2008-04-15
|f 1
|l 0
|r 2025-06-23 00:00:00
|w 2026-02-24
|
| 952 |
|
|
|a SNK
|b SNK
|y VYP
|7 0
|p 17A0586350
|o snkSC 131647 D1
|i snk2008/8644
|8 0
|0 0
|1 0
|4 0
|d 2008-04-15
|l 0
|r 2026-02-24 04:59:27
|w 2026-02-24
|